000 00307nam a2200121Ia 4500
008 190216s9999||||xx |||||||||||||| ||und||
100 _aDaily G H&Amp; Bausor H W
245 0 _aChemistry For Matriculation
260 _bUniversity Press
_c1958
300 _a486p
650 _aChemistry-Chemistry
942 _cBK
999 _c1951
_d1951